خا مو ش لب (Record no. 185110)

MARC details
000 -LEADER
fixed length control field 00630nam a22001937a 4500
005 - DATE AND TIME OF LATEST TRANSACTION
control field 20220128105638.0
010 ## - LCCN (DPL NO)
LC control number UR-11409
020 ## - INTERNATIONAL STANDARD BOOK NUMBER
Terms of availability 150.00
International Standard Book Number 9789391238100
035 ## - SYSTEM CONTROL NUMBER
System control number U-9964
037 ## - SOURCE OF ACQUISITION
Source of stock number/acquisition DBAD/PUB
Stock number dpl
082 ## - DEWEY DECIMAL CLASSIFICATION NUMBER
Classification number ک
100 ## - MAIN ENTRY--PERSONAL NAME
Personal name ا يم ا ے کنو ل جعفر ی
245 ## - TITLE STATEMENT
Title خا مو ش لب
Statement of responsibility, etc ا يم ا ے کنو ل جعفر ی
246 ## - VARYING FORM OF TITLE
Remainder of title ‏Khamosh LabUrdu)
Title proper/short title by M.A.Kanwal Jafri
260 ## - PUBLICATION, DISTRIBUTION, ETC. (IMPRINT)
Place of publication, distribution, etc Delhi
Name of publisher, distributor, etc Educational Publishing House
Date of publication, distribution, etc 2021 ء
270 ## - ADDRESS
Address 3191,Vakil Street,Kucha Pandit,Lal Kuan,
City Delhi
Postal code 110006
Telephone number 23216162
Fax number -
300 ## - PHYSICAL DESCRIPTION
Extent 184 ص
Dimensions 22 Cm(Hb)
942 ## - ADDED ENTRY ELEMENTS (KOHA)
Source of classification or shelving scheme Dewey Decimal Classification
Item type Urdu Bks
Classification part ک
Call number suffix ک ن و
Holdings
Withdrawn status Lost status Not for loan Collection code Home library Current library Date acquired Source of acquisition Cost, normal purchase price Full call number Barcode Copy number Cost, replacement price Koha item type
    Not For Loan Fiction D.B.Act.Division Central Library 28/01/2022 DBAD/PUB 150.00 ک ک ن و U-9964 1 150.00 Urdu Bks

© Delhi Public Library
Hit Counter
free hit counter